Možnost stanovení efektivního rozdělovacího koeficientu ze změřených segregačních charakteristik prvků

Bibliographic Details
Main Authors: Dobrovská, Věra (Author), Dobrovská, Jana, 1966- (Author), Rek, Antonín (Author)
Format: Article
Language:Slovak
Czech
PhysicalDescription:Obr. 3, tab. 7, res. angl., češ., lit. 14 zázn. v angl., češ., nem.
ISSN:0023-432X
Subjects:

MARC

LEADER 00000nab a2200000 a 4500
001 vtls000632977
003 SK-MaSNL
005 20260423134332.0
008 250425c1997 xo 0 slo
015 |a SNBRB19rr/mm-uuuuu 
035 |a CL0633116 
035 |a urn:nbn:sk:snk-abbr2u 
035 |a (urnnbn)urn:nbn:sk:snk:ar-001jbe 
035 |a (uuid)0d796b0b-6a48-4340-bf60-be87c0ebc321 
040 |a SNKBUCL  |b slo  |c SNKBUCL  |e AACR2 
041 0 |a cze 
044 |a xo  |c SK 
080 |a 669.15.017:541.123:548  |2 1981 
080 |a 541.123  |2 1981 
080 |a 548  |2 1981 
100 1 |a Dobrovská, Věra  |4 aut  |9 823535 
245 1 0 |a Možnost stanovení efektivního rozdělovacího koeficientu ze změřených segregačních charakteristik prvků  |c Věra Dobrovská, Jana Dobrovská, Antonín Rek 
300 |b Obr. 3, tab. 7, res. angl., češ., lit. 14 zázn. v angl., češ., nem. 
650 0 7 |a ocele  |2 snkbucl  |9 354439 
650 0 7 |a koeficienty rozdeľovacie  |2 snkbucl  |9 1379527 
655 7 |a články z novín a časopisov  |2 snkbucl  |9 267496 
700 1 |a Dobrovská, Jana,  |d 1966-  |4 aut  |9 48767 
700 1 |a Rek, Antonín  |4 aut  |9 789706 
773 0 |t Kovové materiály  |g Roč. 35, č. 3 (1997), s. 198-210  |x 0023-432X 
850 |a Slovenská národná knižnica 
852 |a Slovenská národná knižnica 
954 |a odborná, vedecká literatúra cudzojazyčná (svetová)  |2 lita 
958 |a article15 
958 |a OND 
958 |a CZ 
958 |a NB 
958 |a RK 
958 |a RBX 
958 |a EUIPO 
999 |c 2809049  |d 2810979